Ortschaften des Kantons Luzern - Statistiken

Allgemein
  • Dieses Quiz wurde 247 mal gespielt
  • Das Durchschnittsergebnis liegt bei 63 aus 140
Antworten auf der Karte
Die Antworten werden auf der Karte rot bzw. grün angezeigt, abhängig davon wie oft sie richtig erraten wurden.
 
Antwortstatistiken
Einwohner Ortschaft % Korrekt
87'039 Luzern
94%
12'344 Sursee
84%
25'645 Kriens
83%
4'210 Sempach
83%
1'399 Sempach Station
83%
8'520 Emmen
80%
12'588 Horw
79%
7'599 Willisau
78%
4'980 Wolhusen
75%
3'226 Beromünster
73%
14'605 Ebikon
73%
7'437 Malters
73%
2'172 Entlebuch
72%
7'760 Meggen
72%
9'053 Hochdorf
71%
4'174 Nottwil
71%
1'420 Vitznau
70%
4'533 Weggis
70%
23'902 Emmenbrücke
69%
5'682 Root
69%
7'825 Rothenburg
69%
5'621 Adligenswil
67%
6'178 Ruswil
67%
4'283 Schüpfheim
66%
1'663 Eich
64%
1'029 Flühli
63%
1'799 Hasle
63%
526 Romoos
63%
1'580 Schwarzenberg
63%
4'983 Reiden
62%
3'034 Inwil
61%
4'873 Neuenkirch
61%
779 Sörenberg
61%
4'707 Dagmersellen
60%
2'828 Nebikon
60%
4'079 Oberkirch
60%
5'972 Buchrain
58%
2'319 Ettiswil
58%
2'676 Hitzkirch
58%
2'503 Udligenswil
58%
3'102 Ballwil
56%
2'689 Escholzmatt
56%
663 Luthern
56%
177 Luthern Bad
56%
1'215 Marbach
56%
3'109 Schenkon
56%
3'581 Triengen
56%
1'929 Zell
56%
3'507 Buttisholz
55%
3'762 Eschenbach
55%
1'815 Hergiswil bei Willisau
55%
592 Mauensee
55%
2'183 Menznau
55%
3'157 Rain
55%
4'571 Schötz
55%
1'569 Gisikon
54%
3'456 Grosswangen
54%
1'580 Meierskappel
54%
785 Werthenstein
54%
1'199 Greppen
53%
1'180 Hohenrain
53%
823 Knutwil
53%
1'927 Pfaffnau
53%
826 Doppleschwand
51%
2'883 Rickenbach
51%
2'637 Wauwil
51%
1'665 Dierikon
49%
2'900 Geuensee
49%
2'468 Hildisrieden
49%
1'367 Schachen
49%
1'445 Wikon
48%
728 Fischbach
46%
802 Grossdietwil
46%
1'334 Kastanienbaum
46%
845 Roggliswil
46%
1'637 St. Erhard
46%
1'123 Altbüron
45%
2'746 Büron
45%
1'041 Römerswil
45%
946 Ufhusen
45%
1'414 Aesch
44%
903 Baldegg
44%
1'655 Egolzwil
44%
988 Schlierbach
44%
1'032 Ermensee
42%
1'682 Altishofen
40%
1'174 Gettnau
40%
475 Menzberg
40%
808 St. Urban
40%
228 Eigenthal
39%
1'053 Schongau
39%
734 Alberswil
37%
566 Honau
37%
1'342 Hellbühl
36%
810 St. Niklausen
36%
1'464 Neudorf
33%
1'674 Gunzwil
31%
3'242 Obernau
31%
156 Rigi Kaltbad
31%
559 Kottwil
29%
360 Finsterwald bei Entlebuch
28%
516 Geiss
28%
540 Wiggen
27%
1'140 Gelfingen
26%
232 Hüswil
26%
294 Mosen
26%
361 Ohmstal
26%
749 Uffikon
26%
831 Winikon
26%
397 Buchs
25%
825 Perlen
25%
589 Kleinwangen
24%
441 Reidermoos
24%
361 Ebersecken
22%
493 Ebnet
22%
570 Müswangen
22%
923 Pfeffikon
22%
1'119 Langnau bei Reiden
21%
600 Hämikon
19%
381 Kaltbach
19%
250 Lieli
19%
469 Sigigen
18%
206 Sulz
18%
238 Schwarzenbach
17%
622 Urswil
17%
448 Altwis
16%
103 Fontannen bei Wolhusen
16%
351 Rengg
16%
211 Daiwil
15%
169 Retschwil
15%
443 Hofstatt
12%
216 Kulmerau
12%
793 Richenthal
12%
250 Wilihof
12%
238 Herlisberg
11%
61 Bramboden
9%
160 Mehlsecken
9%
162 Rohrmatt
9%
279 Steinhuserberg
9%
45 Hintermoos
4%
Keine übereinstimmenden Quizze gefunden
Verteilung der Resultate
Anzahl Personen mit jedem Resultat
Perzentil nach korrekt beantworteten Fragen
Ihre Resultats-Entwicklung
Sie haben dieses Quiz noch nicht gespielt